[Event "DOM-ch (Women)"]
[Site "Santo Domingo"]
[Date "2018.03.18"]
[Round "8"]
[White "Valdez Luna, Claury"]
[Black "Munoz Bonifacio, Elena Julia"]
[Result "1-0"]
[WhiteElo "1499"]
[BlackElo "1258"]
[PlyCount "103"]
[EventDate "2018.03.09"]
[EventType "swiss"]
[EventRounds "8"]
[EventCountry "DOM"]
[SourceTitle "EXT 2019"]
[Source "ChessBase"]
[SourceDate "2018.10.10"]
[SourceVersion "1"]
[SourceVersionDate "2018.10.10"]
[SourceQuality "1"]

1. e4 e5 2. Nf3 Nc6 3. Bc4 Nf6 4. Nc3 Bc5 5. 0-0 a6 6. a4 d6 7. d3 h6 8. Be3 b6 9. Nd5 0-0 10. c3 Bg4 11. Nxf6+ Qxf6 12. Bd5 Bd7 13. d4 exd4 14. Nxd4 Bxd4 15. Bxd4 Qg5 16. Qd3 Ra7 17. Bc4 Nb8 18. b4 Bc6 19. a5 Re8 20. f3 d5 21. exd5 Bxd5 22. axb6 Rb7 23. Bxd5 Qxd5 24. bxc7 Rxc7 25. Rfe1 Rd8 26. Re3 Rcd7 27. Rae1 f6 28. Re8+ Rxe8 29. Rxe8+ Kf7 30. Rxb8 Qe6 31. Qxa6 Qxa6 32. Rb6 Qa4 33. Rb8 Qd1+ 34. Kf2 Qxd4+ 35. cxd4 Rxd4 36. b5 f5 37. Kg3 f4+ 38. Kh3 g5 39. Kg4 Kg6 40. Rb6+ Kg7 41. Rc6 Rb4 42. b6 Rb5 43. Kh5 g4+ 44. Kxg4 Rg5+ 45. Kxf4 Rxg2 46. b7 Rb2 47. Rc7+ Kg6 48. Ke5 Rb5+ 49. Kd6 h5 50. Kd7 Rxb7 51. Rxb7 Kg5 52. Rb4 1-0